000 00948nam a2200217Ia 4500
003 Ost
005 20260507075133.0
008 260507s9999||||xx |||||||||||||| ||und||
020 _a3081829953
040 _cfsecg
041 _aara
082 _a330
100 _aعبد الله، حسين
_eمؤلف
245 0 _aمستقبل النفط العربي /
_c حسين عبد الله
260 _aبيروت:
_bمركز دراسات الوحدة العربية,
_c2006
300 _a559 صفحة؛
_bإيضاحات ؛
_c24 سم
520 _aالتغيرات الهيكلية في جانب العرض- مصادر الطاقة- السياسات والأسعار النفطية- النفط في ظل منظمة التجارة العالمية- النفط في ظل بروتوكول كيوتو آثار البيئة في صادرات وعوائد النفط.
653 _aالنفط
653 _aالنفط العربي
942 _cكتاب
999 _c43234
_d43234